Derecho y sociedad: posibilidad de las facultades de derecho para transformar y ser transformadas

Sábháilte in:
Sonraí bibleagrafaíochta
Formáid: LEABHAR
Teanga:Spáinnis
Foilsithe / Cruthaithe: Barranquilla Uninorte 2003
Sraith:Colección Jurídica
Ábhair:
Clibeanna: Cuir clib leis
Níl clibeanna ann, Bí ar an gcéad duine le clib a chur leis an taifead seo!

MARC

LEADER 00000nam a2200000 a 4500
001 UCL4963
003 CL-VaPUC
005 20211023074129.0
008 040227e20030000ck 1 spa d
020 |a 9588133408 
082 0 4 |a 340.07  |b DER  |2 21 
245 1 0 |a Derecho y sociedad: posibilidad de las facultades de derecho para transformar y ser transformadas 
260 |a Barranquilla  |b Uninorte  |c 2003 
300 |a 197 p 
490 0 |a Colección Jurídica 
583 |a last modification  |c 20040227 00:00:00  |k Rodrigo Vera 
650 0 7 |a DERECHO Y EDUCACION  |2 CL-VaPUC  |9 309209 
650 0 0 |a Educación superior   |9 223851 
650 0 0 |a Responsabilidad social  |9 339076 
650 0 0 |a Formación profesional   |9 257232 
942 |c BK 
945 |a cmena  |d 20040227 00:00:00 
546 |a En Español 
536 |a Universidad del Norte 
518 |p Encuentro de Decanos de las Facultades de Derecho de Colombia, 1, Barranquilla, 31 de octubre y 1 de noviembre de 2002 
999 |c 383988  |d 383986 
952 |0 0  |1 0  |4 0  |6 340_070000000000000_DER_2003  |7 0  |8 A  |9 506340  |a BIBDER  |b BIBDER  |d 2020-01-23  |i 3985350  |o 340.07 DER 2003  |p 3985350  |r 2023-01-25  |w 2020-01-23  |y BK  |k DER